[Event "GER-ch Net blitz qual3"]
[Site "Playchess.com INT"]
[Date "2021.05.07"]
[Round "10"]
[White "Bassenhoff, Aljoscha"]
[Black "Lenze, Thomas"]
[Result "1-0"]
[WhiteElo "1830"]
[BlackElo "1668"]
[PlyCount "49"]
[EventDate "2021.05.07"]
[EventType "swiss (blitz)"]
[EventRounds "11"]
[EventCountry "GER"]
[SourceTitle "CBM 202 Extra"]
[Source "ChessBase"]
[SourceDate "2021.07.31"]
[SourceVersion "1"]
[SourceVersionDate "2021.07.31"]
[SourceQuality "1"]

1. c4 e5 2. g3 Nc6 3. Bg2 Nf6 4. e3 Be7 5. Nc3 0-0 6. Nge2 d6 7. 0-0 Nd7 8. f4 exf4 9. Nxf4 Nf6 10. d4 Bg4 11. Qe1 Nb4 12. Qd2 a5 13. a3 Nc6 14. h3 Bd7 15. b3 Qc8 16. Kh2 Bf5 17. e4 Bg6 18. Bb2 Nh5 19. Nxg6 hxg6 20. Nd5 Bg5 21. Qxg5 Qe8 22. Nxc7 f6 23. Qe3 Qe7 24. Nxa8 Rxa8 25. g4 1-0